4x4 Grid Match: Television Quiz Stats

 Plays Quiz Updated Aug 24, 2017

Support Sporcle.
Go Orange.
Score 0/16 Timer 04:00
9 Plays Today
% Correct
Homer
97.3%
Marge
96.8%
Bart
96.3%
Maggie
94.7%
Morticia
92.9%
Wednesday
92.8%
Phil
92.5%
Pugsley
90.5%
% Correct
Carol
89.7%
Luke
89.1%
Gomez
87.7%
Claire
86.2%
Mike
83.5%
Marcia
82.6%
Peter
78.9%
Alex
74.2%

From the Vault

Oscar Role by Occupation

by BiloxiSean

Movies 10m
If you just guess 'actor', you might be a little disappointed.
Remove Ads.
Support Sporcle.
Get the best of Sporcle when you Go Orange. This ad-free experience offers more features, more stats, and more fun while also helping to support Sporcle. Thank you for becoming a member.

Show Comments

Extras

Top Quizzes Today


Score Distribution

Your Account Isn't Verified!

In order to create a playlist on Sporcle, you need to verify the email address you used during registration. Go to your Sporcle Settings to finish the process.

Report this User

Report this user for behavior that violates our Community Guidelines.

Details: